00827nam a22002417a 45000010005000000030008000050050017000130080041000300350018000710400026000890410008001150820026001232450088001492600039002373000028002765040020003046500027003247000025003517000025003769420012004019990015004139520157004281692BD-RjUL20211208233406.0190214s1966 n a|||| b||| 001 0 eng d a(BD-RjUL)1719 aBD-RjULbengcBD-RjUL aeng 223a581.35 bCHR 196610aChromosome manipulations and Plat genetics /cedited by Ralph Riley and K. R. Lewis aLondon: bOliver & Boyd,c©1966. a123 p. :c22 cm.bill ; aIncludes index. 0aPlant Genetics92282221 aRiley, Ralph92282321 aLewis, K. R.9228233 2ddccBK c1692d1692 00102ddc40718NFICaRUCLbRUCLcReadingd1973-08-15eRajshshi Mitali prokashanyg60.50l0o581.35 CHR 1966r2019-02-14 00:00:00tC-1w2019-02-14yBK